| 000 | 00670nam a2200217Ii 4500 | ||
|---|---|---|---|
| 001 | 11016 | ||
| 003 | CO-ViMGA | ||
| 008 | 241108s9999||||xx |||||||||||||| ||und|| | ||
| 020 | _a9586640205 | ||
| 040 |
_aCO-ViMGA _bspa _erda _cCO-ViMGA |
||
| 041 | 0 | _aunk | |
| 082 | 0 | 4 | _a986.103-L164 |
| 100 | 1 |
_aChristiane Laffite Carles _953971 |
|
| 245 | 1 | 0 | _a<La> Costa Colombiana del Caribe (1810-1830) |
| 264 | 1 | _a[Lugar de publicación no identificado] : Banco de la República, 1995 | |
| 300 | _avolumen | ||
| 336 |
_atext _btxt _2rdacontent |
||
| 337 |
_aunmediated _bn _2rdamedia |
||
| 338 |
_avolume _bnc _2rdacarrier |
||
| 940 | _aidficha_siabuc: 10758. -- ficha_no_siabuc:11016 | ||
| 999 |
_c50796 _d50796 |
||